000 00944nam a2200253Ia 4500
003 OSt
005 20221005111138.0
006 a|||||r|||| 00| 0
007 ta
008 221004b |||||||| |||| 00| 0 hin d
020 _a8181435931 (hbk)
_c495
024 _a104583
037 _b372, 17/02/2011, Vani Prakashan
_cTextual
040 _aCRL
_cCRL
_bhin
041 _2hin
_ahin
082 _aY5927.2, 152P6
100 _aबद्री नारायण, संपा.
245 0 _aउपेक्षित समुदायों का आत्म इतिहास
246 _aUpekṣhit samudāyoan kā ātma itihāsa
260 _aनई दिल्ली
_bवाणी प्रकाशन भारत
_c2006
300 _a396पृ0
_ccm.
942 _hY5927.2, 152P6
_cTEXL
_2cc
999 _c1020953
_d1020953